000
00204nam a22000977a 4500
082
_a
823
_b
MIL/S
245
_a
A SURPRISE VISITOR
260
_a
UK
_b
LADY BIRD
650
_a
ENGLISH SHORT STORY
_z
UK
942
_c
BK
999
_c
2123
_d
2123